[Event "Reykjavik op"]
[Site "Reykjavik"]
[Date "2023.04.04"]
[Round "9"]
[White "Ingvarsson, Unnar"]
[Black "Abmayr, Annika"]
[Result "1-0"]
[WhiteElo "1661"]
[BlackElo "1054"]
[PlyCount "85"]
[EventDate "2023.03.29"]
[EventType "swiss"]
[EventRounds "9"]
[EventCountry "ISL"]
[SourceTitle "EXT 2024"]
[Source "ChessBase"]
[SourceDate "2023.10.10"]
[SourceVersion "1"]
[SourceVersionDate "2023.10.10"]
[SourceQuality "1"]

1. b3 e5 2. Bb2 Nc6 3. e3 Nf6 4. Bb5 d6 5. d4 exd4 6. Bxc6+ bxc6 7. Qxd4 Nd5 8. c4 Nb4 9. Qc3 c5 10. a3 Bb7 11. Nf3 Nc6 12. Nbd2 f6 13. b4 cxb4 14. axb4 Be7 15. 0-0 0-0 16. Rfd1 Ne5 17. c5 Nxf3+ 18. Nxf3 Bxf3 19. gxf3 Rf7 20. f4 Qc8 21. Kh1 Qg4 22. Rg1 Qf3+ 23. Rg2 h5 24. Kg1 h4 25. Rc1 dxc5 26. bxc5 Rd8 27. h3 Qxh3 28. e4 Qxc3 29. Rxc3 Rd4 30. f3 f5 31. e5 Rxf4 32. Rg6 Kh7 33. Rc6 g5 34. Rxc7 g4 35. e6 Rg7 36. Rc2 gxf3+ 37. Bxg7 Rg4+ 38. Kf1 Rxg7 39. Rxe7 Rxe7 40. c6 h3 41. c7 Rxc7 42. Rxc7+ Kh6 43. Kg1 1-0